Revír tě čeká : jediný rozvojový revír v ČSSR SHR [Severočeský hnědouhelný revír] /

Korporativní autor: Severočeské hnědouhelné doly (firma). Dům techniky
Další autoři: Weiss, Jaroslav, 1931-1988
Jazyk: Čeština
Vydáno: Most : Dialog, 1969
Vydání: 1. vyd.
Fyzický popis: 28, s., [36] s. fot. příl. : il. ; příč. 12°
Knihy
Uloženo v:
LEADER 00963nam a22002652a 4500
001 001316575
003 CZ BrMZK
005 20130808120259.0
007 ta
008 130808s1969 xr af er|||||||||||cze d
015 |a cnb000426498 
035 |a (OCoLC)42168728 
040 |a ABA001  |b cze  |c ULG001  |d ABA001  |d BOA001 
080 9 |a 622(437.1-17)(041) 
245 0 0 |a Revír tě čeká :  |b jediný rozvojový revír v ČSSR SHR [Severočeský hnědouhelný revír] /  |c text připravil kolektiv autorů (J. Weiss ... [et al.]) 
250 |a 1. vyd. 
260 |a Most :  |b Dialog,  |c 1969 
300 |a 28, s., [36] s. fot. příl. :  |b il. ;  |c příč. 12° 
500 |a 8000 výt. 
700 1 |a Weiss, Jaroslav,  |d 1931-1988  |7 ola200108182  |4 edt 
710 2 |a Severočeské hnědouhelné doly (firma).  |b Dům techniky  |7 ko2005275248 
910 |a BOA001  |b 2-0633.182 
990 |a BK 
991 |b 201308 
996 7 |b 2619679148  |c 2-0633.182  |l HP2  |r DEN  |n 0  |w 001351646  |u 000010  |a 1  |e BOA001  |j MZK50  |s A